000 00513nam a22001937a 4500
008 180608b xxu||||| |||| 00| 0 eng d
010 _a840789
035 _a840789
037 _bBBPD/PUB
040 _aDpl
082 _a621.384
100 _aZherebtsov
245 _aFundamentals of Radio
_cZherebtsov
260 _aMoscow
_bMir Publishers
_c1962
300 _a821 p.
_c20 cm. (Hb)
500 _aIncludes Subject index, Name Index
650 _aEntrepreneurship
942 _adpl
_cEN
_k621.384 / ZHE
_2ddc
999 _c152618
_d152618